| 000 | 01249cam a2200313 a 4500 | ||
|---|---|---|---|
| 999 |
_c127201 _d127201 |
||
| 001 | 3470709 | ||
| 003 | ARRUPE | ||
| 005 | 20171109085252.0 | ||
| 008 | 931018s1994 nyu b 001 0 eng | ||
| 010 | _a 93040156 | ||
| 020 |
_a0415908019 : _c$52.50 |
||
| 020 |
_a0415908027 (pbk.) : _c$16.95 |
||
| 040 |
_aDLC _cDLC _dDLC |
||
| 043 | _af------ | ||
| 050 | 0 | 0 | _aB-103-1 |
| 082 | 0 | 0 |
_a199/.6 _220 |
| 100 | 1 |
_aSerequeberhan, Tsenay, _d1952- _937459 |
|
| 245 | 1 | 4 |
_aThe hermeneutics of African philosophy : _bhorizon and discourse / _cTsenay Serequeberhan. |
| 260 |
_aNew York : _bRoutledge, _c1994. |
||
| 300 |
_aix, 161 p. ; _c24 cm. |
||
| 504 | _aIncludes bibliographical references (p. 123-155) and index. | ||
| 650 | 0 |
_aPhilosophy, African. _937460 |
|
| 650 | 0 |
_aHermeneutics. _937461 |
|
| 856 | 4 | 2 |
_3Publisher description _uhttp://www.loc.gov/catdir/enhancements/fy0651/93040156-d.html |
| 906 |
_a7 _bcbc _corignew _d1 _eocip _f19 _gy-gencatlg |
||
| 942 |
_2lcc _cMONOGRAPH |
||